Vista normal
Vista MARC
Entrada Nombre Corporativo
Número de registros utilizados en: 1
001 - NUMERO DE CONTROL
- control field: 27679
003 - CONTROL NUMBER IDENTIFIER
- control field: AR-RoUNA
005 - FECHA Y HORA DE LA ÚLTIMA TRANSACCIÓN
- control field: 20260413132615.0
008 - ELEMENTOS DE DATOS DE LONGITUD FIJA
- fixed length control field: 260413|| aca||aabn | a|a d
010 ## - NÚMERO DE CONTROL DE LA BIBLIOTECA DEL CONGRESO
- LC control number: no2005101964
040 ## - FUENTE DE CATALOGACIÓN
- Original cataloging agency: AR-RoUNA
110 2# - NOMBRE CORPORATIVO
- Nombre corporativo: Eckert Eckert Architekten
410 2# - SEE FROM TRACING--CORPORATE NAME
- Corporate name or jurisdiction name as entry element: Eckert und Eckert Architekten
410 2# - SEE FROM TRACING--CORPORATE NAME
- Corporate name or jurisdiction name as entry element: e2a (Firm)
670 ## - SOURCE DATA FOUND
- Source citation: Wohnbauten im Broëlberg, c2005:
- Information found: t.p. (e2a, Eckert Eckert Architekten) p. 1, etc. (firm founded by Swiss architects Piet Eckert, b. 1968 and Wim Eckert, b. 1969)